1270 1405 1471 1627 1888 1647 1942 1848 1611 1507 1960 1210 1987 1564 1807 1896 1998 1484 1255 1723 1710 1602 1435 1709 1606 1208 1844 1774 1282 1161 2000 1166 1358 1465 1763 1756 1557 1123 1808 1038 1046 1979 1666 1720 1089 1038 1939 1085 1856 1911 1738 1090 1024 1287 1045 1245 1572 1983 1975 1187 1584 1152 1430 1820 1788 1905 1396 1821 1208 1252 1432 1346 1721 1242 1030 1760 1655 1137 1148 1371 1688 1462 1270 1506 1390 1733 1255 1827 1407 1671 1499 1052 1342 1238 1148 1427 1885 1922 1171 BCNSPRNW ULIB Ver.6.0+V

เปลี่ยนเป็นภาษาไทย

Change to English
 แสดงรายละเอียดบรรณานุกรม
  กลับหน้าหลัก

Brief Record : Get Marc (ISO 2709) : E-mail record : QR code < ปิดหน้าต่าง
LEADER : 00000nam 2200000uu 4500
001    13399113627
003     ULIB
008    111207s2552||||th 000 0 tha d
020    ^a9786115020126
090    ^aนว.^bห215ท 2552
100 0  ^aหยกในโอปอล
245 00 ^aทาสรักกลเสน่หา/^cหยกในโอปอล
250    ^aพิมพ์ครั้งที่ 1
260    ^aกรุงเทพฯ :^bSugar Beat,^c2552
300    ^a292 หน้า
710 1  ^aSugar Beat
945    ^p200^l0^i15782
995    ^aทศพร
999 ^a ทศพร
รายการนี้ยังไม่มีแท็ก
คุณยังไม่ได้ล็อกอิน คุณสามารถมีกิจกรรมร่วมกับเว็บไซต์ได้ แต่ต้องล็อกอินก่อน ::
  ล็อกอิน

รายการสื่อสารสนเทศ

ลำดับที่ ประเภท เลขเรียก/บาร์โค้ด สถานที่ สถานะ
1. นวนิยาย
นวนิยาย
นว. ห215ท 2552 ฉ.1 
  Barcode: 15782
ห้องสมุดวิทยาเขตสวรรค์ประชารักษ์
►นวนิยาย
บนชั้น
  ขอยืม

BibComment


ยังไม่เคยถูกคอมเมนท์

คอมเมนท์ทรัพยากรรายการนี้
  คอมเมนท์: ทาสรักกลเสน่หา ห..


 Copyright 2026. Bcnsprnw @Library